书目信息 |
| 题名: |
俄语
|
|
| 作者: | 黑龙江大学俄语系 编 | |
| 分册: | ||
| 出版信息: | 北京 外语教学与研究出版社 1998.12 |
|
| 页数: | 402页 | |
| 开本: | 32开 | |
| 丛书名: | ||
| 单 册: | ||
| 中图分类: | H35-62 | |
| 科图分类: | ||
| 主题词: | 俄语 | |
| 电子资源: | ||
| ISBN: | 7-5600-1543-3 | |
| 000 | 00553nam0 2200193 45 | |
| 001 | 0009081683 | |
| 005 | 20000908163350.9 | |
| 010 | @a7-5600-1543-3@d16.00。9 | |
| 100 | @a20000908d1998 km y0chiy0120 ea | |
| 101 | 0 | @achi |
| 105 | @a z 000yy | |
| 200 | 1 | @a俄语@AE Yu@f黑龙江大学俄语系编@FHei Long Jiang Da Xue E Yu Xi Bian |
| 210 | @a北京@c外语教学与研究出版社@d1998.12 | |
| 215 | @a402页@d32开 | |
| 606 | 0 | @a俄语 |
| 690 | @aH35-62@v3 | |
| 701 | 0 | @a黑龙江大学俄语系@4编 |
| 801 | @aCN@bPftUser@c20000908 | |
| 905 | @b129108-112@dH35-62@eH:271:1@f5 | |
| 俄语/黑龙江大学俄语系编.-北京:外语教学与研究出版社,1998.12 |
| 402页;32开 |
| ISBN 7-5600-1543-3:16.00。9 |
| ● |
| 相关链接 |
|
|
|
正题名:俄语
索取号:H35-62/H:271:1
 
预约/预借
| 序号 | 登录号 | 条形码 | 馆藏地/架位号 | 状态 | 备注 |
| 1 | 129108 | 201291084 | 语言库209/209语言库 121排2列6层/ [索取号:H35-62/H:271:1] | 在馆 | |
| 2 | 129109 | 201291093 | 语言库209/209语言库 121排2列6层/ [索取号:H35-62/H:271:1] | 在馆 | |
| 3 | 129110 | 201291100 | 语言库209/209语言库 121排2列6层/ [索取号:H35-62/H:271:1] | 在馆 | |
| 4 | 129111 | 201291119 | 语言库209/209语言库 121排2列6层/ [索取号:H35-62/H:271:1] | 在馆 | |
| 5 | 129112 | 201291128 | 语言库209/209语言库 121排2列6层/ [索取号:H35-62/H:271:1] | 在馆 |